Comparative Financial Performance Analysis of Islamic, Conventional and Nationalized Bank of Pakistan: (Record no. 527883)
[ view plain ]
| 000 -LEADER | |
|---|---|
| fixed length control field | 00540nam a22001577a 4500 |
| 082 ## - DEWEY DECIMAL CLASSIFICATION NUMBER | |
| Classification number | 658 |
| 100 ## - MAIN ENTRY--PERSONAL NAME | |
| Personal name | Zafar, Mohammad Khalid |
| 245 ## - TITLE STATEMENT | |
| Title | Comparative Financial Performance Analysis of Islamic, Conventional and Nationalized Bank of Pakistan: |
| Remainder of title | CAMEL Model Approch / |
| Statement of responsibility, etc. | Mohammad Khalid Zafar |
| 260 ## - PUBLICATION, DISTRIBUTION, ETC. | |
| Place of publication, distribution, etc. | Islamabad: |
| Name of publisher, distributor, etc. | NBS - NUST, |
| Date of publication, distribution, etc. | 2014. |
| 300 ## - PHYSICAL DESCRIPTION | |
| Extent | ill.; |
| Dimensions | 25cm. |
| 942 ## - ADDED ENTRY ELEMENTS (KOHA) | |
| Source of classification or shelving scheme | |
| Koha item type | Thesis |
| 650 ## - SUBJECT ADDED ENTRY--TOPICAL TERM | |
| Topical term or geographic name entry element | MBA Thesis |
| 700 ## - ADDED ENTRY--PERSONAL NAME | |
| Personal name | Saadia Irfan. |
| 650 ## - SUBJECT ADDED ENTRY--TOPICAL TERM | |
| -- | 17629 |
| 700 ## - ADDED ENTRY--PERSONAL NAME | |
| -- | 18211 |
| Withdrawn status | Lost status | Source of classification or shelving scheme | Damaged status | Not for loan | Permanent Location | Current Location | Shelving location | Date acquired | Full call number | Barcode | Date last seen | Price effective from | Non-public note | Koha item type |
|---|---|---|---|---|---|---|---|---|---|---|---|---|---|---|
| Central Library (CL) | Central Library (CL) | Thesis | 08/20/2019 | 658 | CL-T-2794 | 08/20/2019 | 08/20/2019 | Minute Sheet No. 0929/02/CL/Survey/5 dated 23rd April 2024 E-MIN ID 114741 | Thesis |
